| 000 | 00404nam a2200145 a 4500 | ||
|---|---|---|---|
| 005 | 20140414093848.0 | ||
| 008 | 110607s19uu xx 00 eng d | ||
| 050 |
_aVCD 612 _bFOO 2004 |
||
| 100 | _aDiscovery Channel | ||
| 245 |
_aThe food pyramid / _cDiscovery Channel. |
||
| 260 |
_aSilver Spring, MD : _bDiscovery Communications, _c2004. |
||
| 650 | _aFood pyramid | ||
| 942 | _cAVM | ||
| 999 |
_c109764 _d109764 |
||